=LDR 00000nam 2200000 4500 =001 INLIS000000000041807 =005 20130612151321 =008 ***********************************ind** =035 ##$$0010-061300000041807 =041 ##$$a ind =082 ##$$a 374.4 =100 ##$$a moh. afifuddin =245 ##$$a menyemai pendidikan non formal: kiat sukses membangun lembaga kursus =260 ##$$a 2011 $b jakarta =300 ##$$a 130 hlm =850 ##$$a NBPNMAT =990 ##$$a 21197185/BPAP-NTB/2014 =990 ##$$a 0001/BPAP-NTB/20142015